000 00222 a2200097 4500
001 37304
100 _aRafique Akhtar
245 _aPakistan year book 1989-90
260 _aLahore
_bEWP CO Lahore
_c
090 _c23779
_d23779
942 _aNUST-CAE
_cM
_c15312
999 _c272377
_d272377